000 00537nam a2200193 a 4500
001 1769948270717
003 YourLibrary
005 20260201175204.0
008 260201s2009##################000#0#eng##
020 _a9780789032720
082 0 4 _a330.947
_bKIR
100 1 _aKirpalani, Vishnu H.,
_eauthor.
245 1 0 _aSuccessfully Doing Business/marketing in Eastern Europe :
260 _bRoutledge,
_c2009.
300 _a246 pages
650 0 _aBusiness & Economics.
942 _cENGLISH
040 _aYourLibrary
_beng
_cYourLibrary
999 _c609963
_d609963